Finland cities - Statistics

General Stats
  • This quiz has been taken 295 times
  • The average score is 13 of 15
Answer Stats
Hint Answer % Correct
T___u turku
98%
E___o espoo
93%
H______i helsinki
90%
J_____u joensuu
90%
J_______ä jyväskylä
90%
O__u oulu
90%
R___a rauma
90%
K____o kuopio
89%
N______i naantali
89%
R_______i rovaniemi
89%
K__i kemi
88%
V___a vaasa
88%
L_________a lappeenranta
85%
K____a kerava
84%
L_____a loviisa
56%
No matching quizzes found
Score Distribution
Percent of People with Each Score
Percentile by Number Answered
Your Score History
You have not taken this quiz